Landmark by Pictures - D - Statistics

General Stats
  • This quiz has been taken 26 times
  • The average score is 4 of 12
Answer Stats
Picture Hint Answer % Correct
Palestine-Israel Dome of the Rock
70%
Croatia Dubrovnik Old Town
70%
Greece Delphi Ruins
65%
Italy Doge's Palace
52%
U.S. Death Valley
48%
Italy David's Statue
35%
Italy Duomo di Milano (Milan Cathedral)
26%
U.S. Devil's Tower
22%
U.K. Dover Castle
22%
Germany Dresden Frauenkirche
9%
Sweden Drottningholm Palace
9%
Japan Daigo-Ji Temple
0%
No matching quizzes found
Score Distribution
Percent of People with Each Score
Percentile by Number Answered
Your Score History
You have not taken this quiz